| 000 | 00584nam a22001697a 4500 | ||
|---|---|---|---|
| 003 | 0 | ||
| 005 | 20231106140209.0 | ||
| 008 | 221004b xxu||||| |||| 00| 0 eng d | ||
| 050 |
_aHG1708.7 _b.V35 2022 |
||
| 100 | _aKrishamille M. Valdez | ||
| 245 |
_aThe eefectivity of online banking as perceived by bank clients in Muntinlupa City _cKrishamille M. Valdez |
||
| 260 |
_aLas Pinas City, Phiippines _bSouthville International School and colleges _cC2022 |
||
| 300 |
_aviii,109pp. _c28cm. _fTheses |
||
| 500 | _aInternet banking. | ||
| 500 | _aHome banking services. | ||
| 942 |
_2lcc _cTH |
||
| 999 |
_c364823 _d364823 |
||